百鬼夜宴 (Record no. 65185)

000 -LEADER
fixed length control field 00465nam a22001937a 4500
003 - CONTROL NUMBER IDENTIFIER
control field MPLRDC
005 - DATE AND TIME OF LATEST TRANSACTION
control field 20220104193422.0
008 - FIXED-LENGTH DATA ELEMENTS--GENERAL INFORMATION
fixed length control field 210129b ||||| |||| 00| 0 eng d
020 ## - INTERNATIONAL STANDARD BOOK NUMBER
International Standard Book Number 978-986-6191-44-2
082 ## - DEWEY DECIMAL CLASSIFICATION NUMBER
Classification number 215.6 YBQ
100 ## - MAIN ENTRY--PERSONAL NAME
Personal name 奕保群
245 ## - TITLE STATEMENT
Title 百鬼夜宴
Statement of responsibility, etc.
250 ## - EDITION STATEMENT
Edition statement 初版二刷
260 ## - PUBLICATION, DISTRIBUTION, ETC.
Place of publication, distribution, etc. 台湾
Name of publisher, distributor, etc. 柿子文化事业有限公司
Date of publication, distribution, etc. 2013
300 ## - PHYSICAL DESCRIPTION
Other physical details
490 ## - SERIES STATEMENT
Series statement MYSTERY: 7
650 ## - SUBJECT ADDED ENTRY--TOPICAL TERM
Topical term or geographic name entry element 鬼神
942 ## - ADDED ENTRY ELEMENTS (KOHA)
Koha item type Book
-- 215.6 YBQ
Holdings
Withdrawn status Lost status Source of classification or shelving scheme Damaged status Not for loan Collection code Home library Current library Shelving location Date acquired Cost, normal purchase price Total Checkouts Full call number Barcode Date last seen Date last checked out Price effective from Koha item type Public note
            Malaysian Public Library, Research and Development Centre Malaysian Public Library, Research and Development Centre   21/05/2014 41.50   215.6 YBQ 00059189 18/03/2021 11/12/2016 18/03/2021 Book mplrdc

© 2022. Malaysian Public Library, Research and Development Centre. All Right ReservedE-mailmplrdc@help.edu.my 

Powered by Koha